Legal and constitutional history of India (Record no. 11731)

MARC details
000 -LEADER
fixed length control field 00632nam a2200205Ia 4500
003 - CONTROL NUMBER IDENTIFIER
control field IN-BaIIA
008 - FIXED-LENGTH DATA ELEMENTS--GENERAL INFORMATION
fixed length control field 211028s9999 xx 000 0 eng d
040 ## - CATALOGING SOURCE
Transcribing agency IIA Library
080 ## - UNIVERSAL DECIMAL CLASSIFICATION NUMBER
Universal Decimal Classification number 34(09)
Item number JOI
100 ## - MAIN ENTRY--PERSONAL NAME
Personal name Jois, M.R.
9 (RLIN) 20318
245 #0 - TITLE STATEMENT
Title Legal and constitutional history of India
Remainder of title vol. II, modern legal, judicial and constitutional system.
Statement of responsibility, etc. M. R. Jois
260 ## - PUBLICATION, DISTRIBUTION, ETC.
Place of publication, distribution, etc. Bombay
Name of publisher, distributor, etc. N.M.Tripathi
Date of publication, distribution, etc. 1984
300 ## - PHYSICAL DESCRIPTION
Extent xx, 388p.
650 ## - SUBJECT ADDED ENTRY--TOPICAL TERM
Topical term or geographic name entry element Civil Law
9 (RLIN) 20319
650 ## - SUBJECT ADDED ENTRY--TOPICAL TERM
Topical term or geographic name entry element Constitutional Law
9 (RLIN) 20320
650 ## - SUBJECT ADDED ENTRY--TOPICAL TERM
Topical term or geographic name entry element Constitutional System
9 (RLIN) 20321
650 ## - SUBJECT ADDED ENTRY--TOPICAL TERM
Topical term or geographic name entry element Judicial System
9 (RLIN) 20322
650 ## - SUBJECT ADDED ENTRY--TOPICAL TERM
Topical term or geographic name entry element Legal System
9 (RLIN) 20323
942 ## - ADDED ENTRY ELEMENTS (KOHA)
Koha item type Books
Holdings
Withdrawn status Lost status Damaged status Not for loan Home library Current library Shelving location Date acquired Source of acquisition Total Checkouts Full call number Barcode Date last seen Price effective from Koha item type
        IIA Library-Bangalore IIA Library-Bangalore General Stacks 24/05/1996 EDS   34(09)/ JOI 12646 05/11/2021 24/05/1996 Books

Powered by Koha